<?xml version="1.0" encoding="UTF-8"?>
<record
    xmlns:xsi="http://www.w3.org/2001/XMLSchema-instance"
    xsi:schemaLocation="http://www.loc.gov/MARC21/slim http://www.loc.gov/standards/marcxml/schema/MARC21slim.xsd"
    xmlns="http://www.loc.gov/MARC21/slim">

  <leader>00427nam a22001697a 4500</leader>
  <controlfield tag="003">OSt</controlfield>
  <controlfield tag="008">240329b        |||||||| |||| 00| 0 eng d</controlfield>
  <datafield tag="020" ind1=" " ind2=" ">
    <subfield code="a">9788173717321</subfield>
  </datafield>
  <datafield tag="082" ind1=" " ind2=" ">
    <subfield code="a">425 UPK</subfield>
  </datafield>
  <datafield tag="100" ind1=" " ind2=" ">
    <subfield code="a">UPENDRAN, S</subfield>
  </datafield>
  <datafield tag="245" ind1=" " ind2=" ">
    <subfield code="a">Know Your English, Vol.4: Vocabulary and Pronunciation</subfield>
  </datafield>
  <datafield tag="250" ind1=" " ind2=" ">
    <subfield code="a">Ist. ed.</subfield>
  </datafield>
  <datafield tag="260" ind1=" " ind2=" ">
    <subfield code="a">Telangana </subfield>
    <subfield code="b">Universities Press </subfield>
    <subfield code="c">2018</subfield>
  </datafield>
  <datafield tag="300" ind1=" " ind2=" ">
    <subfield code="a">474 p.</subfield>
  </datafield>
  <datafield tag="650" ind1=" " ind2=" ">
    <subfield code="a">English</subfield>
  </datafield>
  <datafield tag="942" ind1=" " ind2=" ">
    <subfield code="2">ddc</subfield>
    <subfield code="c">BK</subfield>
  </datafield>
  <datafield tag="999" ind1=" " ind2=" ">
    <subfield code="c">12338</subfield>
    <subfield code="d">12338</subfield>
  </datafield>
  <datafield tag="952" ind1=" " ind2=" ">
    <subfield code="0">0</subfield>
    <subfield code="1">0</subfield>
    <subfield code="2">ddc</subfield>
    <subfield code="4">0</subfield>
    <subfield code="7">0</subfield>
    <subfield code="8">BAHONSENG</subfield>
    <subfield code="a">PIETNCR</subfield>
    <subfield code="b">PIETNCR</subfield>
    <subfield code="d">2024-03-23</subfield>
    <subfield code="e">Zafaa Books &amp; Distributors</subfield>
    <subfield code="f">In Rupees</subfield>
    <subfield code="g">835.00</subfield>
    <subfield code="k">ZBD0458</subfield>
    <subfield code="l">0</subfield>
    <subfield code="o">425 UPK</subfield>
    <subfield code="p">N3541</subfield>
    <subfield code="r">2024-03-29 00:00:00</subfield>
    <subfield code="v">584.50</subfield>
    <subfield code="w">2024-03-23</subfield>
    <subfield code="y">REF</subfield>
  </datafield>
  <datafield tag="952" ind1=" " ind2=" ">
    <subfield code="0">0</subfield>
    <subfield code="1">0</subfield>
    <subfield code="2">ddc</subfield>
    <subfield code="4">0</subfield>
    <subfield code="7">0</subfield>
    <subfield code="8">BAHONSENG</subfield>
    <subfield code="a">PIETNCR</subfield>
    <subfield code="b">PIETNCR</subfield>
    <subfield code="d">2024-03-23</subfield>
    <subfield code="e">Zafaa Books &amp; Distributors</subfield>
    <subfield code="f">In Rupees</subfield>
    <subfield code="g">835.00</subfield>
    <subfield code="k">ZBD0458</subfield>
    <subfield code="l">2</subfield>
    <subfield code="o">425 UPK</subfield>
    <subfield code="p">N3542</subfield>
    <subfield code="r">2025-04-17 00:00:00</subfield>
    <subfield code="s">2025-04-14</subfield>
    <subfield code="v">584.50</subfield>
    <subfield code="w">2024-03-23</subfield>
    <subfield code="y">BK</subfield>
  </datafield>
</record>
